La palabra tardía: hacia Paul Celan

Wedi'i Gadw mewn:
Manylion Llyfryddiaeth
Prif Awdur: Cuesta Abad, José Manuel (Awdur)
Fformat: Llyfr
Iaith:Sbaeneg
Cyhoeddwyd: Madrid Trotta 2001
Cyfres:Mínima Trotta
Pynciau:
Tagiau: Ychwanegu Tag
Dim Tagiau, Byddwch y cyntaf i dagio'r cofnod hwn!

MARC

LEADER 00000cam a2200000 a 4500
001 UCG8745
003 CL-VaPUC
008 111229e20010000SP |||||||||||||||||spa|d
020 |a 8481644471 
082 0 4 |a 801  |b CUE  |2 21 
100 0 |a Cuesta Abad, José Manuel  |e author  |9 559898 
245 1 3 |a La palabra tardía: hacia Paul Celan 
300 |a 146 p 
942 |c BK 
945 |d 20111229 00:00:00  |a dcastane 
260 |a Madrid  |b Trotta  |c 2001 
650 0 |a Filosofía de la literatura  |9 267374 
650 7 |a LENGUAJE LITERARIO  |2 CL-VaPUC  |9 330195 
650 0 |a Poética  |9 266624 
583 |a last modification  |c 20111229 10:48:00  |k Rodrigo Vera 
490 0 |a Mínima Trotta 
999 |c 346343  |d 346341 
952 |0 0  |1 0  |4 0  |6 801_000000000000000_CUE_2001  |7 0  |8 A  |9 447006  |a BIBART  |b BIBART  |d 2019-11-22  |i 481553K  |o 801 CUE 2001  |p 481553K  |r 2025-03-13  |w 2019-11-22  |y BK  |k ART